Central Library OPAC University of Rajshahi

Great inventions of the world / (Record no. 75145)

MARC details
000 -LEADER
fixed length control field 00988nam a2200313 a 4500
001 - CONTROL NUMBER
control field 75145
003 - CONTROL NUMBER IDENTIFIER
rucl marc code BD-RjUL
005 - DATE AND TIME OF LATEST TRANSACTION
control field 20211209082643.0
008 - FIXED-LENGTH DATA ELEMENTS--GENERAL INFORMATION
fixed length control field 190124s1966 enkab j 000 0 eng
035 ## - SYSTEM CONTROL NUMBER
System control number (BD-RjUL)75363
System control number (OCoLC)1401660
040 ## - CATALOGING SOURCE
Original cataloging agency DLC
Transcribing agency PWcC
Modifying agency OCoLC
-- Uk
-- DLC
-- BD-RjUL
Language of cataloging eng
041 ## - LANGUAGE CODE
Language code of text/sound track or separate title eng
042 ## - AUTHENTICATION CODE
Authentication code premarc
082 ## - DEWEY DECIMAL CLASSIFICATION NUMBER
Edition number 23
Classification number 609
Author mark and year ALG 1966
100 1# - MAIN ENTRY--PERSONAL NAME
Personal name Allward, Maurice,
Dates associated with a name 1923-
9 (RLIN) 227360
245 10 - TITLE STATEMENT
Title Great inventions of the world /
Statement of responsibility, etc. by Maurice Allward and Egon Larsen; illustrations by H. Bukor [and others].
260 ## - PUBLICATION, DISTRIBUTION, ETC. (IMPRINT)
Place of publication, distribution, etc. London:
Name of publisher, distributor, etc. Hamlyn,
Date of publication, distribution, etc. 1966.
300 ## - PHYSICAL DESCRIPTION
Pagination 4-93 p.
Illustrations col. illus., col. maps, tables, col. diagrs.
Size 33 cm.
490 0# - SERIES STATEMENT
Series statement Learning with colour
500 ## - GENERAL NOTE
General note Illus. on endpapers.
650 #0 - SUBJECT ADDED ENTRY--TOPICAL TERM
Topical term or geographic name as entry element Inventions
General subdivision History.
9 (RLIN) 227361
Topical term or geographic name as entry element Inventions
Form subdivision Juvenile literature.
9 (RLIN) 227362
700 1# - ADDED ENTRY--PERSONAL NAME
Personal name Larsen, Egon,
Dates associated with a name 1904-
942 ## - ADDED ENTRY ELEMENTS (KOHA)
Source of classification or shelving scheme Dewey Decimal Classification
Koha item type Books
Holdings
Lost status Source of classification or shelving scheme Damaged status Not for loan Collection code Permanent Location Current Location Shelving location Date acquired Source of acquisition Cost, normal purchase price Total Checkouts Full call number Date last seen Copy number Koha item type
  Dewey Decimal Classification   Not For Loan Non-fiction Central Library, University of Rajshahi Central Library, University of Rajshahi Reading Room 02/06/1973 Paramount Book Co. 30.00   609 ALG 1966 24/01/2019 C-1 Books